|
|
|
|
| LEADER |
00714nab a2200193 i 4500 |
| 001 |
acta5106 |
| 005 |
20250724122956.0 |
| 008 |
161015s2007 hu o 000 hun d |
| 040 |
|
|
|a SZTE Egyetemi Kiadványok Repozitórium
|b hun
|
| 041 |
|
|
|a hun
|
| 100 |
1 |
|
|a Könyves Péter
|
| 245 |
1 |
0 |
|a Zágráb vármegye rövid története
|h [elektronikus dokumentum] /
|c Könyves Péter
|
| 260 |
|
|
|a Belvedere Meridionale
|b Szeged
|c 2007
|
| 300 |
|
|
|a 36-38
|
| 490 |
0 |
|
|a Belvedere Meridionale
|v 19 No. 3-4
|
| 650 |
|
4 |
|a Bölcsészettudományok
|
| 650 |
|
4 |
|a Történettudomány és régészet
|
| 695 |
|
|
|a Zágráb vármegye története
|
| 856 |
4 |
0 |
|u http://acta.bibl.u-szeged.hu/5106/1/belvedere_2007_003_004_036-038.pdf
|z Dokumentum-elérés
|